Modern philosophies of education. (Record no. 3166)

000 -LEADER
fixed length control field 00839cam a22003011 4500
001 - CONTROL NUMBER
control field 9369418
003 - CONTROL NUMBER IDENTIFIER
control field OSt
005 - DATE AND TIME OF LATEST TRANSACTION
control field 20170105101210.0
008 - FIXED-LENGTH DATA ELEMENTS--GENERAL INFORMATION
fixed length control field 740715s1962 nyu b 000 0 eng
010 ## - LIBRARY OF CONGRESS CONTROL NUMBER
LC control number 61018130
015 ## - NATIONAL BIBLIOGRAPHY NUMBER
National bibliography number GB62-9163
035 ## - SYSTEM CONTROL NUMBER
System control number (OCoLC)945912
040 ## - CATALOGING SOURCE
Original cataloging agency DLC
Transcribing agency OAU
Modifying agency OCoLC
-- ODaWU
-- Uk
-- DLC
042 ## - AUTHENTICATION CODE
Authentication code premarc
050 00 - LIBRARY OF CONGRESS CALL NUMBER
Classification number LA91
Item number .B78 1962
082 ## - DEWEY DECIMAL CLASSIFICATION NUMBER
Classification number 370.1
100 1# - MAIN ENTRY--PERSONAL NAME
Personal name Brubacher, John Seiler,
Dates associated with a name 1898-
245 10 - TITLE STATEMENT
Title Modern philosophies of education.
250 ## - EDITION STATEMENT
Edition statement 3rd ed.
260 ## - PUBLICATION, DISTRIBUTION, ETC.
Place of publication, distribution, etc. New York,
Name of publisher, distributor, etc. McGraw-Hill,
Date of publication, distribution, etc. 1962.
300 ## - PHYSICAL DESCRIPTION
Extent ix, 373 p.
Dimensions 24 cm.
440 #0 - SERIES STATEMENT/ADDED ENTRY--TITLE
Title McGraw-Hill series in education
490 0# - SERIES STATEMENT
Series statement Foundations in education
504 ## - BIBLIOGRAPHY, ETC. NOTE
Bibliography, etc. note Includes bibliographies.
650 #0 - SUBJECT ADDED ENTRY--TOPICAL TERM
Topical term or geographic name entry element Education
General subdivision Philosophy.
906 ## - LOCAL DATA ELEMENT F, LDF (RLIN)
a 7
b cbc
c oclcrpl
d u
e ncip
f 19
g y-gencatlg
942 ## - ADDED ENTRY ELEMENTS (KOHA)
Source of classification or shelving scheme
Koha item type Book
Holdings
Withdrawn status Lost status Source of classification or shelving scheme Damaged status Not for loan Collection code Permanent Location Current Location Shelving location Date acquired Total Checkouts Full call number Barcode Date last seen Price effective from Koha item type
            Central Library (CL) Central Library (CL) General Stacks 05/18/2016   370.1 BRU S3H-D-123 03/07/2022 05/18/2016 Book
© 2023 Central Library, National University of Sciences and Technology. All Rights Reserved.